• 首页
  • 本馆介绍
  • 公告通知
  • 最新文献
  • 馆藏检索
  • 电子资源
  • 读者导购
  • 参考咨询
  • 我的图书馆
  • 登录
  • 详细信息显示
  • 放入我的书架
  • 预约/预借图书
  • 作者相关作品
  • 分类相关作品
  • 丛书相关作品
  • 出版社相关作品

书目信息

  • 表格格式
  • 工作单格式
  • 卡片格式
题名:
毛泽东诗词注音读本
    
 
作者: 杜改运 , 杜晓华 编著
分册: 上册  
出版信息: 郑州   中州古籍出版社  2020.10
页数: 2册(437页)
开本: 23cm
丛书名:
单 册:
中图分类: A44
科图分类:
主题词: 汉语拼音--han yu pin yin--通俗读物 , 毛主席诗词--mao zhu xi shi ci
电子资源:
ISBN: 978-7-5348-1840-0
000 00901nam0 2200265 450
001 2158009897
005 20211012162640.22
010    @a978-7-5348-1840-0@dCNY31.50(全2册63.00)
100    @a20201012d2020 em y0chiy0110 ea
101 0  @achi
102    @aCN@b410000
105    @ay z 000gy
106    @ar
200 1  @a毛泽东诗词注音读本@Amao ze dong shi ci zhu yin du ben@h上册@f杜改运, 杜晓华编著
205    @a2版
210    @a郑州@c中州古籍出版社@d2020.10
215    @a2册(437页)@d23cm
330    @a本书是通俗性读物,包括三部分:一毛泽东诗词,二毛泽东论诗词,三毛泽东诗词年表。全书共收录已公开发表在各书刊上的毛泽东诗词152首。
606 0  @a汉语拼音@Ahan yu pin yin@j通俗读物
606 0  @a毛主席诗词@Amao zhu xi shi ci
690    @aA44@v5
701  0 @a杜改运@Adu gai yun@4编著
701  0 @a杜晓华@Adu xiao hua@4编著
801  0 @aCN@b百万庄@c20211007
905    @b1306445-48@dA44@e58:1=2@f4
    
    毛泽东诗词注音读本.上册/杜改运, 杜晓华编著.-2版.-郑州:中州古籍出版社,2020.10
    2册(437页);23cm
    
    
    ISBN 978-7-5348-1840-0:CNY31.50(全2册63.00)
    本书是通俗性读物,包括三部分:一毛泽东诗词,二毛泽东论诗词,三毛泽东诗词年表。全书共收录已公开发表在各书刊上的毛泽东诗词152首。
●
相关链接 在E读中查询图书 在五车中查询图书 在当当中查询图书 在豆瓣中查询图书


正题名:毛泽东诗词注音读本     索取号:A44/58:1=2         预约/预借

序号 登录号 条形码 馆藏地/架位号 状态 备注
1 1306445   213064459   第一样本阅览室/ [索取号:A44/58:1=2] 在馆    
2 1306446   213064468   第一借阅区/ [索取号:A44/58:1=2] 在馆    
3 1306447   213064477   第一借阅区/ [索取号:A44/58:1=2] 在馆    
4 1306448   213064486   第一借阅区/ [索取号:A44/58:1=2] 在馆    
唐山师范学院图书馆 欢迎您!
大连网信软件有限公司© 版权所有